| 000 | 00679nam a22002177a 4500 | ||
|---|---|---|---|
| 003 | OSt | ||
| 005 | 20251217013959.0 | ||
| 008 | 251217b |||||||| |||| 00| 0 eng d | ||
| 020 | _a971-08-0405-7 | ||
| 040 |
_aDWC-Main lib. _cOC |
||
| 082 |
_24th edition. _aCirc. 621.319 St848 1982 |
||
| 100 | _aStevenson, William | ||
| 245 |
_aElements of power system analysis/ _cWilliam Stevenson |
||
| 260 |
_aN.Y. : _bMcGraw-Hill Book Company, _cc1982. |
||
| 300 |
_axii, 436 p. ; _c32 cm. |
||
| 504 | _aIncludes index. | ||
| 650 | _a1. Electric power distribution. | ||
| 650 | _a2. Electric power systems. | ||
| 760 | _b4th edition. | ||
| 942 |
_2ddc _cBK-CIRC _e4th edition. _kCirc. _n0 |
||
| 999 |
_c7151 _d7151 |
||